000 00426nam a2200145Ia 4500
041 _aArabic
082 _a341.026 cut-242 ع
100 _a20260118u\\\\\\\\\\\y0engy0103\\\\ba
100 _aبشتيوان علي عبدالقادر
245 0 _aالقانون الدولي العام بحوث علمية مختارة
250 _aط1
260 _bمطبعة شهاب
_aاربيل
_c2008
300 _a238
942 _cBk
999 _c190178
_d190178